00353nam a2200145Ia 4500003000900000008004100009040001300050040001300063245008600076245001100162250001100173260000900184300000800193490000600201IT-RoPAU120407s9999 xx 000 0 und d aIT-RoPAU cIT-RoPAU aRelation médecin-malade: quelle liberté? Christianisme et cultures écologie cAA.VV. aParis  aCerf c cm v1